Ciudadanía y legitimidad democrática en América Latina /

El documento presenta diversos enroques acerca de los estudios políticos en América Latina, en torno al tema de la democracia, la legitimidad electoral, la vigilancia y los gobiernos reformistas.

Na minha lista:
Detalhes bibliográficos
Autor principal: Cheresky, Isidoro
Formato: Desconhecido
Idioma:Spanish
Publicado em: Argentina : CLACSO; Prometeo Libros 2011
Assuntos:
Tags: Adicionar Tag
Sem tags, seja o primeiro a adicionar uma tag!

MARC

LEADER 00000 a2200000 04500
001 44456
003 cru CIDCACS/IIS
005 20231019144647.0
007 ta
008 050703s2011 ag spa d
020 |a 978-987-574-  
022 |a 9789875745391 
040 |a cru CIDCACS/IIS  |c cru CIDCACS/IIS 
082 |2 1  |a 320.48 C581c 
090 |a 04.02.02 Ch521c  
100 |a Cheresky, Isidoro  
245 |a Ciudadanía y legitimidad democrática en América Latina /   |c Isidoro Cheresky, compilador, Fernando Mayorga; Silvia Gómez Tagle; et.al.  
260 |a Argentina :   |b CLACSO; Prometeo Libros   |c 2011 
300 |a 444 páginas; cuadros; gráficos  
520 |a El documento presenta diversos enroques acerca de los estudios políticos en América Latina, en torno al tema de la democracia, la legitimidad electoral, la vigilancia y los gobiernos reformistas.  
600 |a Mayorga, Fernando; Rocca Rivarola, Dolores; Lazzetta, Osvaldo; López Moya, Margarita; Quiroga, Hugo; Garretón, Manuel Antonio; Olvera, Alberto; Martín, Lucas G.; Annunziata, Rocío  
650 0 |9 83  |a DEMOCRACIA 
650 0 |9 5257  |a LEGITIMIDAD 
650 0 |a POLITICA  |9 3691 
942 |2 ddc  |c LI  |h 04.02.02 Ch521c   |i 15112  |6 040202_CH521C_15112 
999 |c 4224  |d 4224